| 000 | 00478nam a2200169Ia 4500 | ||
|---|---|---|---|
| 003 | GCL | ||
| 008 | 140319s9999 xx 000 0 ara d | ||
| 040 |
_aGCL / _cGCL |
||
| 082 | 0 | 4 |
_aط _b507 _bع م |
| 100 | 1 | _aعبدالحليم منتصر | |
| 245 | 1 | 0 |
_aمصانع البنات / _cعبدالحليم منتصر |
| 300 | _a35 ص | ||
| 490 |
_aمجموعة الكتب العلمية المبسطة _v0 |
||
| 650 | 0 | 4 | _aالعلم |
| 650 | 0 | 4 | _aالبنات |
| 942 |
_2ddc _cBK |
||
| 999 |
_c45914 _d45914 |
||